[Event "39. Rilton Cup 2009/2010"]
[Site "Stockholm SWE"]
[Date "2009.12.29"]
[Round "4.22"]
[White "Kauppila, Osmo"]
[Black "Wiander, Michael"]
[Result "1-0"]
[WhiteElo "2279"]
[BlackElo "2195"]
[PlyCount "65"]
[EventDate "2009.12.27"]
[EventType "swiss"]
[EventRounds "9"]
[EventCountry "SWE"]
[Source "lmi"]
[SourceDate "2009.12.27"]

1. d4 Nf6 2. Nf3 c5 3. d5 b5 4. c4 e6 5. Bg5 Qb6 6. Nc3 b4 7. Bxf6 gxf6 8. Ne4
Be7 9. Ng3 h5 10. h4 Bd6 11. Ne4 Be7 12. Qd3 Bb7 13. O-O-O exd5 14. cxd5 Qa6
15. Qxa6 Nxa6 16. e3 Nc7 17. Bc4 d6 18. Ng3 Bc8 19. Be2 Bg4 20. Ng1 Bf8 21.
Bxg4 hxg4 22. h5 Bh6 23. Rh4 Rg8 24. Nf5 Bf8 25. h6 Kd7 26. h7 Rh8 27. Ne2 Re8
28. Neg3 Re5 29. Rdh1 Nxd5 30. Rxg4 Re8 31. Ne4 Be7 32. Rd1 Ke6 33. Ng7+ 1-0

[Event "39. Rilton Cup 2009/2010"]
[Site "Stockholm SWE"]
[Date "2009.12.29"]
[Round "4.23"]
[White "Kiuttu, Roope"]
[Black "Jacobsen, Kovachev Daniel"]
[Result "1-0"]
[WhiteElo "2194"]
[BlackElo "2243"]
[PlyCount "125"]
[EventDate "2009.12.27"]
[EventType "swiss"]
[EventRounds "9"]
[EventCountry "SWE"]
[Source "lmi"]
[SourceDate "2009.12.27"]

1. e4 e5 2. Nf3 Nc6 3. Bc4 Nf6 4. d3 Be7 5. O-O O-O 6. Re1 d6 7. a4 Be6 8. Nbd2
Na5 9. Bxe6 fxe6 10. b4 Nc6 11. c3 Qd7 12. Qb3 Rae8 13. Nc4 Nh5 14. Be3 Nf4 15.
Red1 a6 16. b5 axb5 17. axb5 Nd8 18. Ra8 Kh8 19. Rb8 c5 20. bxc6 bxc6 21. Ra1
c5 22. Bxf4 exf4 23. Qb6 Nf7 24. Rb7 Qd8 25. Qxd8 Nxd8 26. Rd7 d5 27. exd5 exd5
28. Rxd5 Bf6 29. Nd6 Re6 30. Ne4 c4 31. Nxf6 Rexf6 32. Ra8 Ne6 33. Rxf8+ Rxf8
34. dxc4 Rc8 35. Nd2 h6 36. Kf1 Kg8 37. Ke2 Kf7 38. Kd3 g5 39. Ne4 Kg6 40. Rd6
Kf5 41. Rd5+ Kg6 42. c5 f3 43. gxf3 Nf4+ 44. Kd4 Nxd5 45. Kxd5 Kh5 46. c6 Kh4
47. Kd6 Kh3 48. c7 Kxh2 49. Kd7 Ra8 50. c8=Q Rxc8 51. Kxc8 Kg2 52. Kd7 Kxf3 53.
c4 Kxe4 54. c5 Kf3 55. c6 Kxf2 56. c7 g4 57. c8=Q g3 58. Qf8+ Ke2 59. Qxh6 g2
60. Qh2 Kf1 61. Qf4+ Ke2 62. Qg3 Kf1 63. Qf3+ 1-0

[Event "39. Rilton Cup 2009/2010"]
[Site "Stockholm SWE"]
[Date "2009.12.30"]
[Round "4.26"]
[White "Kopasov, Alexander"]
[Black "Adahl, Mattias"]
[Result "1-0"]
[WhiteElo "2221"]
[BlackElo "2133"]
[PlyCount "127"]
[EventDate "2009.12.27"]
[EventType "swiss"]
[EventRounds "9"]
[EventCountry "SWE"]
[Source "lmi"]
[SourceDate "2009.12.27"]

1. d4 d5 2. c4 c6 3. Nc3 Nf6 4. cxd5 cxd5 5. Bf4 a6 6. e3 Nc6 7. Bd3 g6 8. Nf3
Bg4 9. Rc1 Bg7 10. O-O Nh5 11. Bg5 O-O 12. h3 Be6 13. Na4 Kh8 14. Nc5 Bc8 15.
Bh4 f5 16. Ng5 Qd6 17. g4 fxg4 18. hxg4 Nf6 19. Bg3 e5 20. Be2 Qe7 21. Nf3 Bxg4
22. Nxe5 Bxe2 23. Qxe2 Nh5 24. Nxc6 bxc6 25. Rce1 Nxg3 26. fxg3 Rxf1+ 27. Kxf1
Qg5 28. Kg2 Re8 29. Qf3 h5 30. Re2 h4 31. Kh3 hxg3 32. Kg2 Qh4 33. Qxg3 Qh5 34.
Re1 Kg8 35. Nd3 Qf5 36. Nf4 g5 37. Nh3 Re4 38. Rf1 Qc8 39. Nf2 Re6 40. Qh3 Qe8
41. Ng4 Qg6 42. Qf3 Qe4 43. Qxe4 Rxe4 44. Kg3 c5 45. dxc5 Rc4 46. Rf5 Rxc5 47.
Rxg5 Kf7 48. e4 Rc2 49. Rxd5 Rxb2 50. Ra5 Rb6 51. Kf4 Bc3 52. Rc5 Bd2+ 53. Kf5
Rb5 54. Rxb5 axb5 55. Ke5 Ke7 56. Kd5 b4 57. Ne5 Kf6 58. Nc6 Kg5 59. e5 Kf5 60.
e6 Kf6 61. Kd6 Bg5 62. Nxb4 Kf5 63. a4 Bd2 64. Nc6 1-0

[Event "39. Rilton Cup 2009/2010"]
[Site "Stockholm SWE"]
[Date "2009.12.30"]
[Round "4.27"]
[White "Nguyen, Michael"]
[Black "Niemi, Mikko"]
[Result "1/2-1/2"]
[WhiteElo "2187"]
[BlackElo "2219"]
[PlyCount "124"]
[EventDate "2009.12.27"]
[EventType "swiss"]
[EventRounds "9"]
[EventCountry "SWE"]
[Source "lmi"]
[SourceDate "2009.12.27"]

1. d4 d6 2. Nf3 f5 3. c4 Nf6 4. g3 g6 5. Bg2 Bg7 6. O-O O-O 7. Nc3 Qe8 8. d5
Na6 9. Rb1 c6 10. dxc6 bxc6 11. b4 Rb8 12. a3 Kh8 13. Nd4 Bd7 14. b5 cxb5 15.
cxb5 Nc5 16. Nc6 Bxc6 17. Bxc6 Qd8 18. Bb2 a6 19. Ba1 axb5 20. Bxb5 d5 21. Nxd5
Qa5 22. Bc3 Qa7 23. Nxf6 Bxf6 24. Bxf6+ Rxf6 25. a4 Ne4 26. Rb4 Qa5 27. Qd4 Rd8
28. Qb2 Rd2 29. Qb3 Qd8 30. Bd3 Kg7 31. Bxe4 fxe4 32. Rxe4 Qd6 33. Qe3 Kf8 34.
Rxe7 Ra2 35. Re4 Ra3 36. Qh6+ Kg8 37. Rc1 Qd7 38. Qh4 Rf7 39. Rec4 Ra2 40. Qe4
Qa7 41. Rd4 Qa6 42. Rd8+ Kg7 43. Qe5+ Kh6 44. Rd4 Rxa4 45. Qe3+ Kg7 46. Rxa4
Qxa4 47. Qc3+ Kh6 48. Qd2+ Kg7 49. e3 Rd7 50. Qc2 Qb5 51. Qe4 Qb3 52. Kg2 Qf7
53. Qe5+ Kh6 54. Qe4 Kg7 55. Re1 Qf6 56. Qf3 Qc3 57. Rf1 Qb2 58. Rd1 Rf7 59.
Qe4 Qxf2+ 60. Kh1 h5 61. Qg2 Qxe3 62. Rf1 Rxf1+ 1/2-1/2

[Event "39. Rilton Cup 2009/2010"]
[Site "Stockholm SWE"]
[Date "2009.12.30"]
[Round "4.29"]
[White "Glimbrant, Torbjorn"]
[Black "Bryntze, Stefan"]
[Result "1-0"]
[WhiteElo "2263"]
[BlackElo "2073"]
[PlyCount "101"]
[EventDate "2009.12.27"]
[EventType "swiss"]
[EventRounds "9"]
[EventCountry "SWE"]
[Source "lmi"]
[SourceDate "2009.12.27"]

1. d4 e6 2. c4 f5 3. g3 Nf6 4. Bg2 Bb4+ 5. Nd2 O-O 6. Qc2 c5 7. Ngf3 cxd4 8.
Nxd4 Nc6 9. Nxc6 bxc6 10. O-O Rb8 11. a3 Bd6 12. b3 Qc7 13. c5 Be5 14. Rb1 Nd5
15. Nc4 Ba6 16. Bd2 Bxc4 17. bxc4 Nf6 18. e3 Ng4 19. f4 Bf6 20. h3 Nh6 21. Bc3
Rxb1 22. Rxb1 Rb8 23. Rb4 e5 24. Qb2 Rxb4 25. axb4 Nf7 26. Qa3 e4 27. Bxf6 gxf6
28. Qc3 Kg7 29. g4 fxg4 30. hxg4 d6 31. g5 dxc5 32. Qxf6+ Kf8 33. Bxe4 Qd7 34.
Bxc6 Qd1+ 35. Kh2 Qe2+ 36. Bg2 Qxe3 37. bxc5 Qxc5 38. Bd5 Qf2+ 39. Kh3 Qe3+ 40.
Kg4 Qe2+ 41. Kf5 Qd3+ 42. Ke6 Qh3+ 43. f5 Qe3+ 44. Kd7 Qe8+ 45. Kc7 a5 46. c5
a4 47. c6 a3 48. Kb7 Qe7+ 49. Qxe7+ Kxe7 50. c7 Nd6+ 51. Kb8 1-0

[Event "39. Rilton Cup 2009/2010"]
[Site "Stockholm SWE"]
[Date "2009.12.30"]
[Round "4.30"]
[White "Logdahl, Harald"]
[Black "Hobber, Anders"]
[Result "1-0"]
[WhiteElo "2214"]
[BlackElo "2132"]
[PlyCount "79"]
[EventDate "2009.12.27"]
[EventType "swiss"]
[EventRounds "9"]
[EventCountry "SWE"]
[Source "lmi"]
[SourceDate "2009.12.27"]

1. e4 e6 2. d3 d5 3. Nd2 c5 4. g3 Nc6 5. Bg2 Nf6 6. Ngf3 Be7 7. O-O O-O 8. Re1
Qc7 9. Nf1 dxe4 10. dxe4 Rd8 11. Qe2 e5 12. c3 Rb8 13. Nh4 Be6 14. Ne3 g6 15.
Nf1 b5 16. Bg5 Nd7 17. Bxe7 Nxe7 18. Ne3 Nb6 19. Red1 a6 20. Bf3 Rxd1+ 21. Rxd1
Bxa2 22. Ra1 Bb3 23. Rxa6 Bc4 24. Qd2 Rd8 25. Qc1 Bd3 26. Ng4 b4 27. Qh6 Nd7
28. Ra1 bxc3 29. bxc3 Qd6 30. Qe3 c4 31. Ra7 Nf6 32. Nh6+ Kg7 33. Rxe7 Qa3 34.
Rxf7+ Kh8 35. h3 Qa1+ 36. Kh2 Qa6 37. Qa7 Qxa7 38. Rxa7 Bxe4 39. Nf7+ Kg8 40.
Nxd8 1-0

[Event "39. Rilton Cup 2009/2010"]
[Site "Stockholm SWE"]
[Date "2009.12.29"]
[Round "4.31"]
[White "Grochowalski, Pawel"]
[Black "Ask, Josef"]
[Result "1/2-1/2"]
[WhiteElo "2072"]
[BlackElo "2183"]
[PlyCount "83"]
[EventDate "2009.12.27"]
[EventType "swiss"]
[EventRounds "9"]
[EventCountry "SWE"]
[Source "lmi"]
[SourceDate "2009.12.27"]

1. d4 Nf6 2. c4 g6 3. Nc3 Bg7 4. e4 d6 5. Be2 O-O 6. Nf3 e5 7. d5 a5 8. Bg5 h6
9. Bh4 Na6 10. Nd2 Qe8 11. O-O Bd7 12. b3 Nh7 13. a3 h5 14. f3 Bh6 15. Kh1 Be3
16. Qc2 Qb8 17. Rae1 c6 18. Bd3 Bc5 19. Qc1 Qa7 20. Nd1 cxd5 21. exd5 f5 22.
Nb1 Kg7 23. f4 e4 24. Be2 Rae8 25. h3 Nf6 26. Ndc3 Nc7 27. a4 Bd4 28. Na3 Rc8
29. Rd1 Rfe8 30. Qd2 Be3 31. Qb2 Rf8 32. Nc2 Bc5 33. Nb5 Qb6 34. Be1 Na6 35.
Bc3 Nb4 36. Nxb4 axb4 37. Bd4 Rce8 38. Kh2 e3 39. Bxf6+ Rxf6 40. Nd4 Re4 41.
Nc2 Qd8 42. h4 1/2-1/2

[Event "39. Rilton Cup 2009/2010"]
[Site "Stockholm SWE"]
[Date "2009.12.29"]
[Round "4.32"]
[White "Mardell, Jimmy"]
[Black "Janse, Love"]
[Result "1-0"]
[WhiteElo "2182"]
[BlackElo "2141"]
[PlyCount "81"]
[EventDate "2009.12.27"]
[EventType "swiss"]
[EventRounds "9"]
[EventCountry "SWE"]
[Source "lmi"]
[SourceDate "2009.12.27"]

1. e4 g6 2. d4 d6 3. Nc3 c6 4. Be3 Bg7 5. Qd2 Nd7 6. f3 b5 7. h4 h5 8. Nh3 Nb6
9. Ng5 Nf6 10. Bd3 e6 11. O-O a5 12. Rad1 Ba6 13. Qf2 d5 14. e5 Ng8 15. Ne2 Qc8
16. Nf4 b4 17. Qg3 Ne7 18. Ngxe6 fxe6 19. Bxg6+ Kf8 20. Rfe1 Qd7 21. Bxh5 Bh6
22. Bg4 Rg8 23. Qh3 Bxf4 24. Bxf4 Bc8 25. h5 Rh8 26. Bg5 Ng8 27. f4 Qf7 28. Rf1
Nh6 29. Bxh6+ Rxh6 30. f5 Ke8 31. fxe6 Qg8 32. Rf6 Rh7 33. Rdf1 Ba6 34. R1f2
Raa7 35. Qf3 Rh8 36. h6 Rah7 37. Bh5+ Kd8 38. Rf8+ Qxf8 39. Qxf8+ Rxf8 40.
Rxf8+ Ke7 41. Re8# 1-0

[Event "39. Rilton Cup 2009/2010"]
[Site "Stockholm SWE"]
[Date "2009.12.29"]
[Round "4.33"]
[White "Lokander, Martin"]
[Black "Vovk, Oksana"]
[Result "1/2-1/2"]
[WhiteElo "1820"]
[BlackElo "2145"]
[PlyCount "29"]
[EventDate "2009.12.27"]
[EventType "swiss"]
[EventRounds "9"]
[EventCountry "SWE"]
[Source "lmi"]
[SourceDate "2009.12.27"]

1. d4 Nf6 2. Bg5 e6 3. e4 h6 4. Bxf6 Qxf6 5. Nc3 d6 6. Qd2 a6 7. a4 Nd7 8. Bc4
b6 9. Nge2 c5 10. O-O cxd4 11. Nxd4 Bb7 12. Kh1 Rc8 13. Ba2 Be7 14. f4 Nc5 15.
Rae1 1/2-1/2

[Event "39. Rilton Cup 2009/2010"]
[Site "Stockholm SWE"]
[Date "2009.12.31"]
[Round "5.1"]
[White "Rozentalis, Eduardas"]
[Black "Miezis, Normunds"]
[Result "1-0"]
[WhiteElo "2611"]
[BlackElo "2530"]
[PlyCount "97"]
[EventDate "2009.12.27"]
[EventType "swiss"]
[EventRounds "9"]
[EventCountry "SWE"]
[Source "lmi"]
[SourceDate "2009.12.27"]

1. e4 c5 2. Nf3 e6 3. Nc3 a6 4. g3 Nc6 5. Bg2 Nf6 6. O-O e5 7. d3 d6 8. Bg5 Be7
9. Bxf6 Bxf6 10. Nd5 O-O 11. c3 Be6 12. Nd2 Bxd5 13. exd5 Nb8 14. a4 Nd7 15. a5
Be7 16. Nc4 f5 17. f4 Kh8 18. Qf3 Qc7 19. Rae1 Rae8 20. Re3 Bf6 21. Qe2 g6 22.
Re1 Rb8 23. Qf2 Rbd8 24. R3e2 Qb8 25. fxe5 Nxe5 26. Nxe5 Bxe5 27. Rxe5 dxe5 28.
Qxc5 Rfe8 29. c4 h5 30. Qb6 Kh7 31. c5 e4 32. d6 exd3 33. Rd1 Rd7 34. Qb4 Re5
35. Rxd3 Qe8 36. Kf1 Rf7 37. Bd5 Rd7 38. Bxb7 Rxc5 39. Qxc5 Rxb7 40. Qd4 Rd7
41. Kf2 Qe6 42. b4 g5 43. Qd5 Qf6 44. b5 f4 45. Qe4+ Kh6 46. gxf4 gxf4 47. Kf3
Qg7 48. Qe6+ Kg5 49. Rd5+ 1-0

[Event "39. Rilton Cup 2009/2010"]
[Site "Stockholm SWE"]
[Date "2009.12.31"]
[Round "5.2"]
[White "Shimanov, Aleksandr"]
[Black "Richter, Michael"]
[Result "1-0"]
[WhiteElo "2535"]
[BlackElo "2412"]
[PlyCount "86"]
[EventDate "2009.12.27"]
[EventType "swiss"]
[EventRounds "9"]
[EventCountry "SWE"]
[Source "lmi"]
[SourceDate "2009.12.27"]

1. Nf3 d5 2. g3 Nf6 3. Bg2 Bf5 4. O-O c6 5. d3 h6 6. b3 e6 7. Bb2 Be7 8. Nbd2
O-O 9. c4 Bh7 10. Rc1 a5 11. a3 Nbd7 12. Rc2 Bd6 13. Qa1 Qe7 14. cxd5 cxd5 15.
Nd4 Bc5 16. Nb5 Rac8 17. Rfc1 Rc6 18. Nd4 Rb6 19. N4f3 Rc6 20. b4 axb4 21. axb4
Bxb4 22. Rxc6 bxc6 23. Rxc6 e5 24. Nb3 e4 25. dxe4 Bxe4 26. Nbd4 Bc5 27. Ra6
Rc8 28. Kf1 Bxd4 29. Bxd4 Bxf3 30. Bxf3 Qb4 31. Kg2 Qc4 32. g4 Qc1 33. Qxc1
Rxc1 34. Rd6 Rc4 35. e3 Rc7 36. h4 Ne8 37. Rxd5 Nf8 38. Rd8 Nf6 39. g5 hxg5 40.
hxg5 N6h7 41. g6 Ng5 42. Bd5 Nge6 43. Rb8 Rc2 1-0

[Event "39. Rilton Cup 2009/2010"]
[Site "Stockholm SWE"]
[Date "2009.12.31"]
[Round "5.5"]
[White "Handke, Florian"]
[Black "Lysyj, Igor"]
[Result "0-1"]
[WhiteElo "2513"]
[BlackElo "2609"]
[PlyCount "144"]
[EventDate "2009.12.27"]
[EventType "swiss"]
[EventRounds "9"]
[EventCountry "SWE"]
[Source "lmi"]
[SourceDate "2009.12.27"]

1. e4 e6 2. d4 d5 3. Nd2 c5 4. Ngf3 cxd4 5. Nxd4 Nf6 6. exd5 Qxd5 7. Nb5 Na6 8.
Nc3 Qd8 9. a3 Be7 10. Bc4 Nc5 11. O-O O-O 12. Qe2 a6 13. b4 Ncd7 14. Nb3 Qc7
15. Bb2 Ne5 16. Bd3 Nxd3 17. cxd3 Bd7 18. Ne4 Nxe4 19. dxe4 Rfc8 20. Qg4 e5 21.
Qg3 f6 22. Rac1 Qb6 23. Na5 Be6 24. Qd3 Rd8 25. Qe2 Rac8 26. h3 Qa7 27. Nc4 Bf8
28. Ne3 a5 29. Qb5 axb4 30. axb4 Qa6 31. Qxa6 bxa6 32. Rxc8 Bxc8 33. Nd5 Bb7
34. Bc3 Bxd5 35. exd5 Rxd5 36. Ra1 Rd6 37. Ra5 Rd3 38. Ba1 Bxb4 39. Rxa6 Rd2
40. Ra8+ Kf7 41. f3 Rc2 42. Ra4 Bc5+ 43. Kh2 Be3 44. h4 h5 45. Kh3 Rc1 46. Kh2
Bf4+ 47. g3 Rc2+ 48. Kh3 Be3 49. Re4 Bg1 50. g4 Rh2+ 51. Kg3 Ra2 52. Bc3 Bh2+
53. Kh3 Bf4 54. gxh5 f5 55. Rxf4 exf4 56. Bd4 Kg8 57. Bc5 Kh7 58. Bb6 Re2 59.
Bc5 Rb2 60. Bd4 Rc2 61. Ba7 Rc3 62. Kg2 Kh6 63. Bb8 Kxh5 64. Bxf4 Kxh4 65. Bg3+
Kh5 66. Be5 Rc2+ 67. Kg3 g5 68. f4 g4 69. Bd4 Kg6 70. Be5 Rd2 71. Bc7 Rd3+ 72.
Kg2 Rf3 0-1

[Event "39. Rilton Cup 2009/2010"]
[Site "Stockholm SWE"]
[Date "2009.12.31"]
[Round "5.6"]
[White "Ponkratov, Pavel"]
[Black "Lauber, Arnd"]
[Result "1-0"]
[WhiteElo "2575"]
[BlackElo "2503"]
[PlyCount "75"]
[EventDate "2009.12.27"]
[EventType "swiss"]
[EventRounds "9"]
[EventCountry "SWE"]
[Source "lmi"]
[SourceDate "2009.12.27"]

1. e4 c6 2. d4 d5 3. e5 Bf5 4. Nf3 e6 5. Be2 Nd7 6. O-O Bg6 7. c3 Ne7 8. Nh4
Nf5 9. Nxg6 hxg6 10. Nd2 f6 11. exf6 gxf6 12. Bd3 Bd6 13. g3 Kf7 14. Re1 Qc7
15. Qg4 c5 16. Nf3 c4 17. Bc2 Rae8 18. Bd2 a6 19. Re2 b5 20. Ne1 Nb8 21. Ng2
Nc6 22. Bf4 Qd7 23. Bxd6 Qxd6 24. Nf4 Rh6 25. Rae1 Nd8 26. Qf3 Ng7 27. h4 Reh8
28. Re3 Qd7 29. Kf1 Re8 30. R1e2 Nb7 31. Qg4 g5 32. hxg5 Rh1+ 33. Kg2 f5 34.
Bxf5 exf5 35. g6+ Kf6 36. Rxe8 fxg4 37. Rf8+ Kg5 38. Re5+ 1-0

[Event "39. Rilton Cup 2009/2010"]
[Site "Stockholm SWE"]
[Date "2009.12.31"]
[Round "5.7"]
[White "Yuneev, Alexey"]
[Black "Gleizerov, Evgeny"]
[Result "1/2-1/2"]
[WhiteElo "2428"]
[BlackElo "2566"]
[PlyCount "26"]
[EventDate "2009.12.27"]
[EventType "swiss"]
[EventRounds "9"]
[EventCountry "SWE"]
[Source "lmi"]
[SourceDate "2009.12.27"]

1. e4 e6 2. d4 d5 3. Nc3 Nf6 4. e5 Nfd7 5. f4 c5 6. Nf3 Nc6 7. Be3 Be7 8. Qd2
O-O 9. Be2 b6 10. O-O f6 11. dxc5 fxe5 12. Nxd5 Bxc5 13. fxe5 Bb7 1/2-1/2

[Event "39. Rilton Cup 2009/2010"]
[Site "Stockholm SWE"]
[Date "2009.12.31"]
[Round "5.8"]
[White "Popov, Valerij"]
[Black "Jacobsen, Bo"]
[Result "1-0"]
[WhiteElo "2588"]
[BlackElo "2306"]
[PlyCount "44"]
[EventDate "2009.12.27"]
[EventType "swiss"]
[EventRounds "9"]
[EventCountry "SWE"]
[Source "lmi"]
[SourceDate "2009.12.27"]

1. Nf3 Nf6 2. c4 g6 3. Nc3 Bg7 4. e4 O-O 5. d4 d6 6. Be2 Na6 7. O-O e5 8. Be3
Qe7 9. Re1 exd4 10. Bxd4 Nxe4 11. Bxg7 Kxg7 12. Qd4+ Nf6 13. Nd5 Qd8 14. Ng5
Nb4 15. Nxf6 Qxf6 16. Qxf6+ Kxf6 17. Nxh7+ Kg7 18. Nxf8 Nc2 19. Nxg6 Nxa1 20.
Nf4 Nc2 21. Rd1 Be6 22. a3 b6 1-0

[Event "39. Rilton Cup 2009/2010"]
[Site "Stockholm SWE"]
[Date "2009.12.31"]
[Round "5.9"]
[White "Ulibin, Mikhail"]
[Black "Bellon Lopez, Juan Manuel"]
[Result "1/2-1/2"]
[WhiteElo "2548"]
[BlackElo "2435"]
[PlyCount "87"]
[EventDate "2009.12.27"]
[EventType "swiss"]
[EventRounds "9"]
[EventCountry "SWE"]
[Source "lmi"]
[SourceDate "2009.12.27"]

1. e4 c5 2. Nf3 e6 3. c3 Nf6 4. e5 Nd5 5. d4 cxd4 6. cxd4 d6 7. a3 Bd7 8. Bd3
Bc6 9. O-O Nd7 10. Re1 Be7 11. exd6 Bxd6 12. Ne5 Bxe5 13. dxe5 Ne7 14. Nc3 Ng6
15. f4 Nc5 16. Bc2 Qh4 17. Rf1 a6 18. Be3 Rd8 19. Qe2 Nd7 20. Rad1 Ne7 21. Ne4
Nf5 22. Nd6+ Nxd6 23. Rxd6 O-O 24. Rfd1 Rfe8 25. R1d4 Qe7 26. Qd3 g6 27. Qd1
Bd5 28. Bb3 Bxb3 29. Qxb3 Nb8 30. Rxd8 Rxd8 31. Rxd8+ Qxd8 32. Qxb7 Kg7 33. h3
Qd3 34. Kf2 Nd7 35. Qb4 g5 36. Qd4 Qc2+ 37. Qd2 Qc6 38. fxg5 Nf8 39. Bd4 Ng6
40. Qe3 Nh4 41. g3 Qg2+ 42. Ke1 Nf5 43. Qf4 Nxg3 44. Qf6+ 1/2-1/2

[Event "39. Rilton Cup 2009/2010"]
[Site "Stockholm SWE"]
[Date "2009.12.31"]
[Round "5.10"]
[White "Ionov, Sergey"]
[Black "Lindberg, Bengt"]
[Result "1-0"]
[WhiteElo "2545"]
[BlackElo "2407"]
[PlyCount "81"]
[EventDate "2009.12.27"]
[EventType "swiss"]
[EventRounds "9"]
[EventCountry "SWE"]
[Source "lmi"]
[SourceDate "2009.12.27"]

1. Nf3 Nf6 2. c4 c5 3. Nc3 e6 4. g3 b6 5. Bg2 Bb7 6. O-O Be7 7. Re1 d6 8. e4
Nbd7 9. d4 cxd4 10. Nxd4 Qc7 11. Ndb5 Qb8 12. Be3 a6 13. Nd4 O-O 14. Rc1 Rc8
15. b3 Bf8 16. g4 Nc5 17. Bg5 Ne8 18. f4 e5 19. fxe5 dxe5 20. Nf5 Ne6 21. Be3
Nf4 22. Nd5 Bxd5 23. exd5 g6 24. Bxf4 exf4 25. d6 Nxd6 26. Ne7+ Bxe7 27. Rxe7
Re8 28. Rxe8+ Nxe8 29. Bxa8 Qxa8 30. Qd5 Qc8 31. Qg5 Ng7 32. Qxf4 Qc5+ 33. Kg2
Ne6 34. Qb8+ Kg7 35. Re1 Qc6+ 36. Kg3 b5 37. Qe5+ Kg8 38. c5 Qxc5 39. Qxc5 Nxc5
40. Rc1 Nd3 41. Rc3 1-0

[Event "39. Rilton Cup 2009/2010"]
[Site "Stockholm SWE"]
[Date "2009.12.31"]
[Round "5.11"]
[White "Grandelius, Nils"]
[Black "Cramling, Dan"]
[Result "1-0"]
[WhiteElo "2540"]
[BlackElo "2408"]
[PlyCount "67"]
[EventDate "2009.12.27"]
[EventType "swiss"]
[EventRounds "9"]
[EventCountry "SWE"]
[Source "lmi"]
[SourceDate "2009.12.27"]

1. e4 c5 2. Nf3 e6 3. d4 cxd4 4. Nxd4 a6 5. Bd3 Bc5 6. Nb3 Be7 7. Qg4 g6 8. Qe2
d6 9. O-O Qc7 10. a4 b6 11. Na3 Nc6 12. Nc4 Nb4 13. Bd2 d5 14. exd5 Nxd5 15. a5
b5 16. Nb6 Nxb6 17. axb6 Qxb6 18. Bxb5+ Kf8 19. Be3 Qb7 20. Nc5 Bxc5 21. Bxc5+
Kg7 22. Bd3 Ne7 23. Bd4+ f6 24. Be4 Nd5 25. c4 Qb4 26. Rfd1 Nc7 27. Bxa8 Nxa8
28. Qf3 e5 29. Qxa8 exd4 30. Qa7+ Bb7 31. Qxd4 Rc8 32. Rac1 Bc6 33. Qa7+ Kh6
34. Qxa6 1-0

[Event "39. Rilton Cup 2009/2010"]
[Site "Stockholm SWE"]
[Date "2009.12.31"]
[Round "5.12"]
[White "Brynell, Stellan"]
[Black "Molchanova, Tatjana"]
[Result "1/2-1/2"]
[WhiteElo "2472"]
[BlackElo "2368"]
[PlyCount "99"]
[EventDate "2009.12.27"]
[EventType "swiss"]
[EventRounds "9"]
[EventCountry "SWE"]
[Source "lmi"]
[SourceDate "2009.12.27"]

1. d4 d5 2. Nf3 Nf6 3. c4 c6 4. Nc3 dxc4 5. a4 Bf5 6. Ne5 Nbd7 7. Nxc4 Qc7 8.
g3 e5 9. dxe5 Nxe5 10. Bf4 Nfd7 11. Bg2 f6 12. O-O Rd8 13. Qc1 Be7 14. Nxe5
Nxe5 15. Nd5 Qd7 16. Nxe7 Qxe7 17. Qc3 a6 18. Be3 Kf7 19. Bb6 Rde8 20. e4 Bc8
21. Rad1 Nd7 22. Be3 Rd8 23. f4 Rhe8 24. Qc4+ Qe6 25. Qxe6+ Rxe6 26. Rd2 Rde8
27. Rfd1 R6e7 28. Kf2 g6 29. a5 Nf8 30. Bc5 Rd7 31. Rxd7+ Nxd7 32. b4 Nxc5 33.
bxc5 f5 34. e5 Ke7 35. Bf3 Rf8 36. Rd6 Be6 37. Ke3 h5 38. h4 Rd8 39. Kd4 Re8
40. Be2 Kf7 41. Bd3 Re7 42. Bc4 Bxc4 43. Rf6+ Kg7 44. Kxc4 Rd7 45. Rd6 Re7 46.
Kd4 Kf7 47. Rd8 Rc7 48. Rd6 Re7 49. Rf6+ Kg7 50. Rd6 1/2-1/2

[Event "39. Rilton Cup 2009/2010"]
[Site "Stockholm SWE"]
[Date "2009.12.31"]
[Round "5.14"]
[White "Hammer, Jon Ludvig"]
[Black "Andersen, Mads"]
[Result "1/2-1/2"]
[WhiteElo "2588"]
[BlackElo "2294"]
[PlyCount "74"]
[EventDate "2009.12.27"]
[EventType "swiss"]
[EventRounds "9"]
[EventCountry "SWE"]
[Source "lmi"]
[SourceDate "2009.12.27"]

1. c4 Nf6 2. Nf3 g6 3. Nc3 d5 4. cxd5 Nxd5 5. Qa4+ Bd7 6. Qh4 Bc6 7. Qd4 Rg8 8.
Ne5 e6 9. Nxc6 Nxc6 10. Qa4 Qd7 11. e3 O-O-O 12. a3 Bg7 13. Bb5 Kb8 14. Nxd5
Qxd5 15. O-O e5 16. Bc4 Qd7 17. d3 Rgf8 18. Bd2 e4 19. d4 f5 20. Rfc1 Ne7 21.
Qxd7 Rxd7 22. Bb4 Bf6 23. Be6 Rdd8 24. Ba5 Nc6 25. Bd2 Ne7 26. Rc5 c6 27. Ba2
Nd5 28. g3 Be7 29. Rc2 g5 30. Rb1 Rf6 31. Kg2 h5 32. Rf1 g4 33. h3 Rh6 34. Rh1
Rdh8 35. hxg4 hxg4 36. Rxh6 Rxh6 37. Ba5 b6 1/2-1/2

[Event "39. Rilton Cup 2009/2010"]
[Site "Stockholm SWE"]
[Date "2009.12.31"]
[Round "5.15"]
[White "Berczes, David"]
[Black "Kauppila, Osmo"]
[Result "1/2-1/2"]
[WhiteElo "2512"]
[BlackElo "2279"]
[PlyCount "62"]
[EventDate "2009.12.27"]
[EventType "swiss"]
[EventRounds "9"]
[EventCountry "SWE"]
[Source "lmi"]
[SourceDate "2009.12.27"]

1. d4 d5 2. c4 Nc6 3. Nc3 dxc4 4. Nf3 Nf6 5. e4 Bg4 6. Be3 e6 7. Bxc4 Bb4 8.
Qd3 O-O 9. a3 Ba5 10. Bb5 Bxf3 11. gxf3 Ne7 12. Qd2 Ng6 13. h4 Nh5 14. f4 f5
15. b4 Bb6 16. Bc4 fxe4 17. Bxe6+ Kh8 18. f5 Ne7 19. Bg5 Bxd4 20. O-O-O Bf6 21.
Nxe4 Qe8 22. Bd7 Qf7 23. Be6 Qe8 24. Qd7 h6 25. Qxe8 Raxe8 26. Rd7 Nxf5 27.
Nxf6 Nxf6 28. Bxf5 Nxd7 29. Bxd7 hxg5 30. hxg5+ Kg8 31. Bxe8 Rxe8 1/2-1/2

[Event "39. Rilton Cup 2009/2010"]
[Site "Stockholm SWE"]
[Date "2009.12.31"]
[Round "5.16"]
[White "Karlsson, Lars"]
[Black "Angskog, Kent"]
[Result "1-0"]
[WhiteElo "2491"]
[BlackElo "2229"]
[PlyCount "81"]
[EventDate "2009.12.27"]
[EventType "swiss"]
[EventRounds "9"]
[EventCountry "SWE"]
[Source "lmi"]
[SourceDate "2009.12.27"]

1. c4 b6 2. Nc3 Bb7 3. e4 e6 4. a3 c5 5. Nf3 Nf6 6. Bd3 d6 7. O-O Nc6 8. Bc2
Be7 9. d4 cxd4 10. Nxd4 O-O 11. Nxc6 Bxc6 12. Qe2 a6 13. b3 Rb8 14. a4 Qc7 15.
Bb2 Rfc8 16. Rac1 Qb7 17. Rfe1 Nd7 18. Nd5 Bxd5 19. exd5 e5 20. Bf5 Rd8 21. f4
f6 22. Kh1 Nf8 23. Bd3 Qd7 24. Qf3 Ng6 25. f5 Nf8 26. c5 dxc5 27. Bxa6 Bd6 28.
Bc4 Kh8 29. Re4 Rb7 30. Rf1 Qf7 31. g4 Re8 32. h4 h6 33. Bc1 Nh7 34. Qh3 Kg8
35. Rg1 Kf8 36. g5 hxg5 37. hxg5 Nxg5 38. Rxg5 fxg5 39. Bxg5 g6 40. Qh8+ Qg8
41. Qf6+ 1-0

[Event "39. Rilton Cup 2009/2010"]
[Site "Stockholm SWE"]
[Date "2009.12.31"]
[Round "5.17"]
[White "Gavrilov, Alexei"]
[Black "Kopasov, Alexander"]
[Result "1-0"]
[WhiteElo "2481"]
[BlackElo "2221"]
[PlyCount "101"]
[EventDate "2009.12.27"]
[EventType "swiss"]
[EventRounds "9"]
[EventCountry "SWE"]
[Source "lmi"]
[SourceDate "2009.12.27"]

1. e4 e6 2. d4 d5 3. Nd2 c5 4. exd5 Qxd5 5. Ngf3 cxd4 6. Bc4 Qd6 7. O-O Nf6 8.
Nb3 Nc6 9. Nbxd4 Nxd4 10. Nxd4 a6 11. Re1 Qc7 12. Qe2 Bd6 13. h3 O-O 14. Bd3 e5
15. Nf5 Bxf5 16. Bxf5 g6 17. Bg5 Nd5 18. Be4 Nf4 19. Qf3 Rab8 20. Rad1 b6 21.
Bh6 Rfe8 22. g3 Ne6 23. c3 Be7 24. h4 Bf8 25. Bc1 Rbd8 26. Bd5 Bg7 27. Bb3 Nc5
28. Rxd8 Rxd8 29. Bd5 e4 30. Bxe4 Qe5 31. Bf4 Qe6 32. Re2 Qxa2 33. Bc7 Rd1+ 34.
Kh2 Nd7 35. Bxg6 hxg6 36. Re8+ Kh7 37. Qxd1 Qxb2 38. Re2 Qb5 39. Bd6 Bxc3 40.
Re7 Qf5 41. Bf4 Ne5 42. Bxe5 Bxe5 43. f4 Bg7 44. Qb3 Qc5 45. Re2 f5 46. h5 Qd6
47. Qf7 Qf6 48. hxg6+ Kh6 49. Re8 Kh5 50. Qxf6 Bxf6 51. Re6 1-0